000 00470nam a2200181Ia 4500
001 11108
005 20260306161922.0
008 260306t1964||||xx |||||||||||||| ||spa||
041 _aESP
082 _a985.009
_bB141I
100 _aAlva Orlandini, Hernán
_eAUT
245 0 _aBiblioteca hombres del Perú:
_bPedro de Peralta; Pablo de Olavide
260 _c1964
300 _a104 páginas :
_c19 cm.
650 _aGEN
654 _aCHU
942 _cLIB
_dJUS
_fJUS
_2ddc
_n
999 _c11108
_d11108